| 000 | 00549nam a22001697a 4500 | ||
|---|---|---|---|
| 005 | 20251108170527.0 | ||
| 008 | 250721s9999 xx 000 0 ara d | ||
| 082 | 1 | 4 | _a923.1565/مدن |
| 100 | 1 | _aالمدني، عمر | |
| 245 | 1 | 0 |
_aعبد الله الثاني بن الحسين : _bملك و رسالة / |
| 264 | 1 |
_aعمان : _bالدار المتحدة للنشر، _c[19-]. |
|
| 300 | _a215ص | ||
| 650 | 1 | 7 | _aعهد الملك عبدالله الثاني 1999- |
| 650 | 1 | 7 | _aتاريخ الأردن |
| 942 |
_2ddc _cBK |
||
| 999 |
_c42699 _d42699 |
||